ბათუმის შოთა რუსთაველის სახელმწიფო უნივერსიტეტის ბიბლიოთეკა

მათემატიკა : მე-10 კლასი : (ბიბ.ჩანაწერი № 63110)

000 -ლიდერი
ფიქსირებული სიგრძის საკონტროლო ველი 01820nam a22002537a 4500
003 - საკონტროლო ნომრის იდენტიფიკატორი
საკონტროლო ველი Ge_BSU
005 - ბოლო ოპერაციის თარიღი და დრო
საკონტროლო ველი 20250604111421.0
008 - ფიქსირებული სიგრძის მონაცემთა ელემენტები - ზოგადი ინფორმაცია
ფიქსირებული სიგრძის საკონტროლო ველი 250604s2024 ge ||||| |||| 00| 0 geo d
020 ## - წიგნის საერთაშორისო სტანდარტული ნომერი
International Standard Book Number 9789941315091
041 ## - ენის კოდი
Language code of text/sound track or separate title geo
080 ## - უნივერსალური ათობითი კლასიფიკაციის ინდექსი
Universal Decimal Classification number 51(075.3) მ-15
245 ## - ცნობა სათაურის შესახებ
Title მათემატიკა : მე-10 კლასი :
Remainder of title მოსწავლის წიგნი. 2 სემესტრი /
Statement of responsibility, etc ავტორები: გურამ გოგიშვილი, თეიმურაზ ვეფხვაძე, ია მებონია, ლამარა ქურჩიშვილი; რედაქტორი თეიმურაზ ვეფხვაძე; გარეკანის დიზაინერები: გურამ გოგიშვილი, ილია ხელაია.
250 ## - გამოცემის ცნობა
Edition statement 1 გამოცემა
264 ## - წარმოების, გამოცემის, დისტრიბუციის და სხვა ცნობები
გამოცემის, წარმოების, დისტრიბუციის... ადგილი თბილისი :
გამოცემის, წარმოების, დისტრიბუციის... სახელწოდება ინტელექტი,
გამოცემის, წარმოების, დისტრიბუციის... თარიღი 2024.
300 ## - ფიზიკური აღწერა
Extent 332 გვ. :
Other physical details ილ.;
Dimensions 28 სმ.
500 ## - ზოგადი შენიშვნა
General note გრიფმინიჭებულია საქართველოს განათლებისა და მეცნიერების სამინისტროს მიერ 2022 წელს.
700 ## - ADDED ENTRY--PERSONAL NAME
Personal name გოგიშვილი, გ.
Relator term ავტორი
9 (RLIN) 25238
700 ## - ADDED ENTRY--PERSONAL NAME
Personal name ვეფხვაძე, თეიმურაზ
Relator term ავტორი
9 (RLIN) 25239
700 ## - ADDED ENTRY--PERSONAL NAME
Personal name მებონია, ია
Relator term ავტორი
9 (RLIN) 5603
700 ## - ADDED ENTRY--PERSONAL NAME
Personal name ქურჩიშვილი, ლ.
Relator term ავტორი
9 (RLIN) 25219
700 ## - ADDED ENTRY--PERSONAL NAME
Personal name გოგიშვილი, გ.
Relator term გარეკანის დიზაინერი
9 (RLIN) 25240
700 ## - ADDED ENTRY--PERSONAL NAME
Personal name ხელაია, ილია
Relator term გარეკანის დიზაინერი
9 (RLIN) 14070
942 ## - ADDED ENTRY ELEMENTS (KOHA)
Source of classification or shelving scheme
Koha item type წიგნი
ეგზემპლარები
ჩამოწერის სტატუსი დაკარგული ეგზემპლარის სტატუსი კლასიფიკაციის წყარო ან თაროზე გაწყობის სქემა დაზიანების სტატუსი არ გაიცემა მუდმივი მდებარეობა (დაცვის ადგილი) ამჟამინდელი ადგილსამყოფელი თაროზე განთავსების ადგილი შეძენის თარიღი ღირებულება, შესყიდვის ნორმალური ფასი სრული შენახვის შიფრი შტრიხკოდი ბოლო ოპერაციის თარიღი ეგზემპლარის მიმდევრობითი ნომერი (კეტერი?) ფასის ძალაში შესვლის თარიღი ეგზემპლარის სახეობა საჯარო შენიშვნა
          ბათუმის შოთა რუსთაველის სახელმწიფო უნივერსიტეტის მთავარი ბიბლიოთეკა ბათუმის შოთა რუსთაველის სახელმწიფო უნივერსიტეტის მთავარი ბიბლიოთეკა წიგნსაცავი 2025-06-04 16.00 51(075.3) მ-15 71676 2025-06-04 71676 2025-06-04 წიგნი 16 ლ.
          ბათუმის შოთა რუსთაველის სახელმწიფო უნივერსიტეტის მთავარი ბიბლიოთეკა ბათუმის შოთა რუსთაველის სახელმწიფო უნივერსიტეტის მთავარი ბიბლიოთეკა წიგნსაცავი 2025-06-04 16.00 51(075.3) მ-15 71680 2025-06-04 71680 2025-06-04 წიგნი 16 ლ.
          ბათუმის შოთა რუსთაველის სახელმწიფო უნივერსიტეტის მთავარი ბიბლიოთეკა ბათუმის შოთა რუსთაველის სახელმწიფო უნივერსიტეტის მთავარი ბიბლიოთეკა წიგნსაცავი 2025-06-04 16.00 51(075.3) მ-15 71679 2025-06-04 71679 2025-06-04 წიგნი 16 ლ.
          ბათუმის შოთა რუსთაველის სახელმწიფო უნივერსიტეტის მთავარი ბიბლიოთეკა ბათუმის შოთა რუსთაველის სახელმწიფო უნივერსიტეტის მთავარი ბიბლიოთეკა წიგნსაცავი 2025-06-04 16.00 51(075.3) მ-15 71678 2025-06-04 71678 2025-06-04 წიგნი 16 ლ.
          ბათუმის შოთა რუსთაველის სახელმწიფო უნივერსიტეტის მთავარი ბიბლიოთეკა ბათუმის შოთა რუსთაველის სახელმწიფო უნივერსიტეტის მთავარი ბიბლიოთეკა წიგნსაცავი 2025-06-04 16.00 51(075.3) მ-15 71677 2025-06-04 71677 2025-06-04 წიგნი 16 ლ.